000 00438pab a2200157 454500
008 180718b2013 xxu||||| |||| 00| 0 eng d
100 _aSoni-Sinha, Urvashi
245 _aIntersectionality, subjectivity, collectivity and the union: A study of the 'locked-out' workers in Toronto
260 _c2013
300 _ap.775-793.
362 _aNov
650 _aHotel industry
773 _aOrganization
908 _aN
909 _a103181
999 _c103177
_d103177